Antonín Novotný: pozdní obhajoba. Hovory s mužem, který nerad mluvil.

Uložené v:
Podrobná bibliografia
Hlavný autor: Černý, R. (Author)
Médium: Kniha
Jazyk:Czech
Vydané: 1992
Tagy: Pridať tag
Žiadne tagy, Buďte prvý kto otaguje tento záznam!

MARC

LEADER 00000nam a2200000 a 4500
001 000242521
005 00000000000000.0
008 040101s1992 e czeo
041 0 |a cze 
100 1 |a Černý, R.  |4 aut 
245 1 0 |a Antonín Novotný: pozdní obhajoba. Hovory s mužem, který nerad mluvil. 
260 |c 1992 
500 |a Záznam neprešiel kontrolou 
910 |a svkkk 
998 |a BK 
090 |g SCKHL  |k Sklad Pribinova 2. posch.  |a II.349869  |j 850236  |i 2720282246  |s Absenčne 
090 |g SCKHL  |k Sklad Pribinova 2. posch.  |a II.349870  |j 850237  |i 242521-20  |s Absenčne 
090 |g SCKHL  |k Sklad Pribinova 2. posch.  |a II.349871  |j 850238  |i 242521-30  |s Absenčne